000 00831nam a2200181Ia 4500
008 100921s9999 xx 000 0 und d
082 _b20111
_a800-3 थ 85
100 _aभोळे भास्कर लक्ष्मण.
245 _aयशवंतराव चव्हाण राजकारण आणि साहित्य.
260 _bसाकेत प्रकाशन,औरंगाबाद.
_c1985
300 _a152
_b---
365 _b40
520 _aललित सा.राजकारण.
630 _aयशवंतराव चव्हाण राजकारण आणि साहित्य.
650 _aललित सा.राजकारण.
730 _aयशवंतराव चव्हाण राजकारण आणि साहित्य.
942 _cBOOK
999 _c769224
_d769221